[Event "Rated Blitz game"]
[Site "?"]
[Date "2021.10.19"]
[Round "?"]
[White "Jakob19"]
[Black "Schachelite"]
[Result "1-0"]
[WhiteElo "2567"]
[BlackElo "2486"]
[PlyCount "37"]
[EventDate "2021.??.??"]
[EventType "blitz"]

1. e4 e5 2. Nf3 d5 3. exd5 e4 4. Qe2 Nf6 5. d3 Qxd5 6. Nfd2 Nc6 7. Nc3 Qf5 8.
Ndxe4 Be6 9. Be3 O-O-O 10. O-O-O Nxe4 11. dxe4 Qa5 12. Rxd8+ Kxd8 13. Qb5 Bb4
14. Qxa5 Bxa5 15. Nd5 Bxd5 16. exd5 Nb4 17. Bc4 b5 18. Bxb5 Nxd5 19. Rd1 {
Normal} 1-0

[Event "Rated Blitz game"]
[Site "?"]
[Date "2021.10.19"]
[Round "?"]
[White "benben75"]
[Black "batalla2"]
[Result "0-1"]
[WhiteElo "2268"]
[BlackElo "2443"]
[PlyCount "78"]
[EventDate "2021.??.??"]
[EventType "blitz"]

1. e4 e5 2. Nf3 d5 3. Nxe5 Bd6 4. d4 dxe4 5. Nc4 Nf6 6. Be2 Nc6 7. Be3 O-O 8.
Nc3 Bf5 9. O-O Bb4 10. h3 Bxc3 11. bxc3 Nd5 12. Qd2 Bg6 13. Rab1 Rb8 14. Rb5 f5
15. Bg5 Qd7 16. Ne3 Nb6 17. a4 a6 18. Rxb6 cxb6 19. Bc4+ Kh8 20. Nd5 b5 21.
axb5 axb5 22. Bb3 Na5 23. Ba2 Nc4 24. Bxc4 bxc4 25. Ne3 Qf7 26. d5 f4 27. Nxc4
Qf5 28. Be7 f3 29. g4 Qd7 30. Bd6 h5 31. Bxb8 Rxb8 32. Qg5 Qf7 33. gxh5 Qf5 34.
Qxg6 Qxh3 35. Ne5 Rf8 36. d6 Rf6 37. Qe8+ Kh7 38. Qg6+ Rxg6+ 39. hxg6+ Kg8 {
Normal} 0-1

[Event "Rated Blitz game"]
[Site "?"]
[Date "2021.10.19"]
[Round "?"]
[White "uwebond"]
[Black "blackwolfrun"]
[Result "1/2-1/2"]
[WhiteElo "2427"]
[BlackElo "2260"]
[PlyCount "113"]
[EventDate "2021.??.??"]
[EventType "blitz"]

1. e4 e5 2. Nf3 d5 3. Nxe5 Bd6 4. d4 dxe4 5. Nc4 Nf6 6. Nxd6+ Qxd6 7. Be2 Nc6
8. c3 O-O 9. Nd2 Bf5 10. Nc4 Qe7 11. Bg5 h6 12. Bh4 Rfe8 13. Qd2 Rad8 14. O-O
g5 15. Bg3 Bg6 16. Rae1 Nd5 17. Bd1 f5 18. Ne5 Nxe5 19. Bxe5 Kh7 20. c4 Nb6 21.
Qc3 Qf7 22. b3 c6 23. f3 exf3 24. Bxf3 Nd7 25. Bc7 Rxe1 26. Rxe1 Re8 27. d5
Rxe1+ 28. Qxe1 Nf6 29. Bd8 cxd5 30. Bxf6 Qxf6 31. Bxd5 Bf7 32. Bxf7 Qxf7 33.
Qe5 Qd7 34. Qd5 Qe7 35. Kf2 Kg6 36. c5 b6 37. c6 Qb4 38. Qe6+ Kh5 39. Qxf5 Qd2+
40. Kg3 Qe1+ 41. Kf3 Qd1+ 42. Ke4 Qc2+ 43. Ke5 Qxc6 44. Qf7+ Kh4 45. g3+ Kh3
46. Qh5+ Kg2 47. Qe2+ Kh3 48. Kf5 Qd7+ 49. Kg6 Qe6+ 50. Kh5 Qf7+ 51. Kxh6 Qf6+
52. Kh5 Qf7+ 53. Kh6 Qf6+ 54. Kh7 Qf7+ 55. Kh8 Qf8+ 56. Kh7 Qf7+ 57. Kh6 {
Normal} 1/2-1/2

[Event "Rated Blitz game"]
[Site "?"]
[Date "2021.10.19"]
[Round "?"]
[White "strizibuba"]
[Black "Fantastic_power06"]
[Result "1-0"]
[WhiteElo "2617"]
[BlackElo "2805"]
[PlyCount "81"]
[EventDate "2021.??.??"]
[EventType "blitz"]

1. e4 e5 2. Nf3 d5 3. d3 Nf6 4. Nc3 Nc6 5. Bg5 d4 6. Ne2 Bg4 7. a3 Be7 8. Ng3
Nd7 9. Bd2 O-O 10. h3 Be6 11. Be2 a5 12. Nf5 a4 13. g4 Ra6 14. Nxe7+ Qxe7 15.
Ng5 Rb6 16. Nxe6 fxe6 17. Rb1 Qh4 18. Rh2 Ne7 19. Qc1 h6 20. c4 Nc5 21. Qc2 Ng6
22. Bb4 Rc6 23. Bxc5 Rxc5 24. Qxa4 Nf4 25. Bf1 b5 26. Qa7 Rc6 27. Qb7 Rb6 28.
Qxc7 Rbb8 29. c5 b4 30. a4 Rbc8 31. Qxe5 Rf6 32. Rc1 Rcf8 33. Rc2 Ng6 34. Qxd4
Qg5 35. Qxb4 Ne5 36. Be2 Qh4 37. Qd4 Nf3+ 38. Bxf3 Rxf3 39. c6 e5 40. Qd5+ Kh8
41. c7 {Time forfeit} 1-0

[Event "Rated Blitz game"]
[Site "?"]
[Date "2021.10.19"]
[Round "?"]
[White "Nurlan_Ibrayev"]
[Black "Annali-annaliew1979"]
[Result "0-1"]
[WhiteElo "2452"]
[BlackElo "2436"]
[PlyCount "58"]
[EventDate "2021.??.??"]
[EventType "blitz"]

1. e4 e5 2. Nf3 d5 3. Nxe5 Qe7 4. d4 f6 5. Ng4 Nc6 6. Nc3 Bxg4 7. Qxg4 Nxd4 8.
Bd3 dxe4 9. Qxe4 O-O-O 10. O-O Qxe4 11. Nxe4 Ne7 12. Bd2 Ng6 13. Rad1 Ne5 14.
Bc3 Be7 15. Bxd4 Rxd4 16. Ng3 Rhd8 17. Nf5 R4d7 18. Nxe7+ Rxe7 19. Bf5+ Nd7 20.
Bxh7 c6 21. Bf5 Kc7 22. Rfe1 Rxe1+ 23. Rxe1 Ne5 24. b3 g5 25. Kf1 b5 26. Ke2
Rh8 27. h3 Re8 28. Kd2 b4 29. g3 Nf3+ {Normal} 0-1

[Event "Rated Blitz tournament jt1iN5ZF"]
[Site "?"]
[Date "2021.10.19"]
[Round "?"]
[White "JonathanMontevilla1A"]
[Black "Razario90"]
[Result "1-0"]
[WhiteElo "2269"]
[BlackElo "2410"]
[PlyCount "61"]
[EventDate "2021.??.??"]
[EventType "blitz"]

1. e4 e5 2. Nf3 d5 3. exd5 e4 4. Nd4 Qxd5 5. Nb3 Nf6 6. Nc3 Qe5 7. Be2 Bd6 8.
d4 exd3 9. Qxd3 Nc6 10. Be3 Bf5 11. Qb5 Bxc2 12. Qxe5+ Nxe5 13. f4 Nd3+ 14. Kd2
Nxf4 15. Bxf4 Bxf4+ 16. Kxc2 O-O-O 17. Rad1 Rhe8 18. Bf3 g5 19. h3 h5 20. Nc5
c6 21. g4 Kc7 22. N3e4 Nd5 23. Kb1 h4 24. Nd3 Be3 25. Nc3 Nxc3+ 26. bxc3 b5 27.
Kc2 a5 28. Rhe1 a4 29. Nb4 Rxd1 30. Rxd1 Re6 31. Nxc6 {Normal} 1-0

[Event "Rated Blitz tournament Y5xC5pVX"]
[Site "?"]
[Date "2021.10.19"]
[Round "?"]
[White "Shumar"]
[Black "rizkyezzar"]
[Result "1-0"]
[WhiteElo "2351"]
[BlackElo "2401"]
[PlyCount "125"]
[EventDate "2021.??.??"]
[EventType "blitz"]

1. e4 e5 2. Nf3 d5 3. exd5 e4 4. Ne5 Bd6 5. d4 Nf6 6. c4 c5 7. Be3 O-O 8. Nc3
Re8 9. Nxf7 Kxf7 10. dxc5 Be5 11. Be2 Bf5 12. O-O Kg8 13. h3 Bg6 14. Rc1 a6 15.
d6 Nc6 16. a3 a5 17. b3 Qd7 18. Nd5 Nxd5 19. cxd5 Nd8 20. b4 axb4 21. axb4 Qf7
22. b5 Rf8 23. Bd4 Qf6 24. Bxe5 Qxe5 25. Bg4 Ra4 26. Rc2 Rd4 27. Rd2 Rc4 28. c6
Qxd6 29. Qb3 Rc5 30. Rfd1 h5 31. Be6+ Kh7 32. Qb4 b6 33. Qa3 Nxe6 34. dxe6 Qxe6
35. Rd7 Qf6 36. Qe3 Rxb5 37. c7 Rc5 38. R1d6 Rc1+ 39. Kh2 Qe5+ 40. g3 Rxc7 41.
Rd5 Qf6 42. Rxc7 Qxf2+ 43. Qxf2 Rxf2+ 44. Kg1 e3 45. Rdd7 Rf8 46. Rxg7+ Kh6 47.
Rge7 b5 48. Rxe3 b4 49. Rb7 Rc8 50. Rxb4 Rc1+ 51. Kf2 Rc2+ 52. Re2 Rc3 53. Rb6
Kg7 54. Re7+ Kh6 55. Ree6 Rc2+ 56. Ke3 Rc3+ 57. Kf4 Rc4+ 58. Ke5 Rc5+ 59. Kd4
Rg5 60. Rxg6+ Rxg6 61. Rxg6+ Kxg6 62. Ke4 Kg5 63. Ke5 {Time forfeit} 1-0

[Event "Rated Blitz game"]
[Site "?"]
[Date "2021.10.19"]
[Round "?"]
[White "justus789"]
[Black "batalla2"]
[Result "0-1"]
[WhiteElo "2416"]
[BlackElo "2430"]
[PlyCount "74"]
[EventDate "2021.??.??"]
[EventType "blitz"]

1. e4 e5 2. Nf3 d5 3. Nxe5 Bd6 4. d4 dxe4 5. Nc3 Bxe5 6. dxe5 Qxd1+ 7. Nxd1 Nc6
8. Bb5 Nge7 9. Bg5 Bf5 10. Bxe7 Kxe7 11. Bxc6 bxc6 12. Ne3 Bg6 13. O-O-O Rad8
14. Rxd8 Rxd8 15. Rd1 Rxd1+ 16. Kxd1 Ke6 17. Nc4 Kd5 18. b3 Kd4 19. Kd2 Bf5 20.
c3+ Kd5 21. Ke3 c5 22. h3 Bd7 23. f4 exf3 24. gxf3 Bb5 25. Nd6 cxd6 26. c4+
Kxe5 27. cxb5 d5 28. a4 Kd6 29. a5 f6 30. b4 cxb4 31. Kd4 b3 32. Kc3 Kc5 33. b6
axb6 34. a6 Kc6 35. Kxb3 b5 36. Kb4 d4 37. Kb3 Kb6 {Normal} 0-1

[Event "Rated Blitz game"]
[Site "?"]
[Date "2021.10.19"]
[Round "?"]
[White "tigra522"]
[Black "RCompany_1"]
[Result "1/2-1/2"]
[WhiteElo "2523"]
[BlackElo "2443"]
[PlyCount "106"]
[EventDate "2021.??.??"]
[EventType "blitz"]

1. e4 e5 2. Nf3 d5 3. exd5 e4 4. Qe2 Nf6 5. d3 Qxd5 6. Nc3 Bb4 7. Bd2 Bxc3 8.
Bxc3 O-O 9. dxe4 Nxe4 10. Bd4 Nc6 11. Be3 Bg4 12. Qc4 Qa5+ 13. c3 Rfe8 14. Qb5
Bxf3 15. gxf3 Ng5 16. Qxa5 Nxa5 17. Be2 Ne6 18. O-O-O b6 19. f4 f5 20. Rd5 g6
21. b4 Nb7 22. Bc4 Nd6 23. Bb3 Kg7 24. h4 Kf6 25. h5 Rad8 26. hxg6 hxg6 27. Rh7
Rh8 28. Rxh8 Rxh8 29. Re5 Re8 30. Kc2 g5 31. Rxe6+ Rxe6 32. Bxe6 gxf4 33. Bxb6
axb6 34. Bd5 Ke5 35. Bc6 Ne4 36. f3 Ng5 37. a4 Kd6 38. Bb7 c6 39. b5 Nxf3 40.
Bxc6 Ne5 41. Bb7 Kc5 42. Bc8 f3 43. Bxf5 Nc4 44. Bh3 f2 45. Kd3 Nb2+ 46. Ke2
Nxa4 47. Kxf2 Nxc3 48. Ke3 Nxb5 49. Kd3 Nd4 50. Bg4 b5 51. Bh5 b4 52. Bf7 b3
53. Bxb3 Nxb3 {Normal} 1/2-1/2

[Event "Rated Rapid game"]
[Site "?"]
[Date "2021.10.19"]
[Round "?"]
[White "KonsLevin72"]
[Black "FicherStudent"]
[Result "0-1"]
[WhiteElo "2336"]
[BlackElo "2458"]
[PlyCount "46"]
[EventDate "2021.??.??"]
[EventType "rapid"]

1. e4 e5 2. Nf3 d5 3. Nxe5 Bd6 4. d4 dxe4 5. Nc4 Nf6 6. Nxd6+ Qxd6 7. Be2 O-O
8. O-O Nc6 9. c3 Be6 10. Qc2 Rae8 11. Bg5 Ng4 12. g3 Qd5 13. Bf4 Qh5 14. Bxg4
Bxg4 15. Nd2 Bf3 16. Nxf3 exf3 17. Qd3 Re2 18. Rfe1 Rfe8 19. Rxe2 Rxe2 20. h4
Ne7 21. Bxc7 Qg4 22. b4 Nf5 23. d5 Nxh4 {Normal} 0-1

[Event "Rated Blitz game"]
[Site "?"]
[Date "2021.10.19"]
[Round "?"]
[White "VirSla"]
[Black "barry-allen"]
[Result "1-0"]
[WhiteElo "2470"]
[BlackElo "2373"]
[PlyCount "45"]
[EventDate "2021.??.??"]
[EventType "blitz"]

1. e4 e5 2. Nf3 d5 3. Nxe5 Bd6 4. d4 dxe4 5. Nc3 Nf6 6. Bg5 Bxe5 7. dxe5 Qxd1+
8. Rxd1 h6 9. Bxf6 gxf6 10. exf6 O-O 11. Nxe4 Bf5 12. f3 Nd7 13. Ng3 Rfe8+ 14.
Kf2 Be6 15. Nh5 Nb6 16. b3 a5 17. a4 Nd5 18. Bd3 Nb4 19. Be4 c6 20. g4 Bxg4 21.
Rhg1 Kf8 22. Rxg4 Re6 23. Rdg1 {Normal} 1-0

[Event "Rated Blitz game"]
[Site "?"]
[Date "2021.10.19"]
[Round "?"]
[White "Katzik"]
[Black "Annali-annaliew1979"]
[Result "1-0"]
[WhiteElo "2455"]
[BlackElo "2416"]
[PlyCount "37"]
[EventDate "2021.??.??"]
[EventType "blitz"]

1. e4 e5 2. Nf3 d5 3. exd5 e4 4. Qe2 f5 5. d3 Nf6 6. Nc3 Bb4 7. dxe4 Bxc3+ 8.
bxc3 fxe4 9. Bg5 O-O 10. Bxf6 Qxf6 11. Nd2 c6 12. Nxe4 Qe5 13. O-O-O cxd5 14.
Ng3 Qxc3 15. Rxd5 Nc6 16. Qc4 Qa1+ 17. Kd2 Rxf2+ 18. Be2 Qf6 19. Rd8# {Normal}
1-0

[Event "Rated Blitz game"]
[Site "?"]
[Date "2021.10.19"]
[Round "?"]
[White "Swordoftheword16"]
[Black "Annali-annaliew1979"]
[Result "1-0"]
[WhiteElo "2639"]
[BlackElo "2473"]
[PlyCount "115"]
[EventDate "2021.??.??"]
[EventType "blitz"]

1. e4 e5 2. Nf3 d5 3. exd5 e4 4. Qe2 f5 5. d3 Nf6 6. Nc3 Bb4 7. dxe4 Bxc3+ 8.
bxc3 fxe4 9. Nd4 O-O 10. c4 c5 11. Nb3 Bf5 12. Be3 Nbd7 13. h3 Bg6 14. O-O-O a5
15. Nxc5 Nxc5 16. Bxc5 Re8 17. Qe3 Rc8 18. Bb6 Qd7 19. Bd4 Qa4 20. Qb3 Qd7 21.
c5 Bf7 22. Bxf6 gxf6 23. Bb5 Qf5 24. Bxe8 Rxe8 25. Qxb7 Qe5 26. Qb2 Qg5+ 27.
Rd2 Bxd5 28. h4 Qh6 29. Qd4 Bf7 30. Qe3 Qg7 31. Rh3 Kh8 32. Rg3 Qf8 33. Qd4 Qe7
34. Qd6 Qxd6 35. cxd6 Rd8 36. Kb2 h5 37. Rc3 f5 38. Rc7 Kg8 39. d7 Kf8 40. Rc8
Ke7 41. Rxd8 Kxd8 42. a4 Be6 43. Kc3 Bxd7 44. Rd5 Ke7 45. Rxa5 Kd6 46. Ra6+ Kc5
47. Ra7 Bc6 48. a5 f4 49. Re7 Kd6 50. Rg7 Kc5 51. Rg5+ Kd6 52. Rxh5 e3 53. fxe3
fxe3 54. Rh6+ Kc5 55. Rxc6+ Kxc6 56. Kd3 Kb5 57. h5 Kxa5 58. h6 {Normal} 1-0

[Event "Rated Rapid game"]
[Site "?"]
[Date "2021.10.19"]
[Round "?"]
[White "khaledbenalyemen"]
[Black "Kukarachenko"]
[Result "0-1"]
[WhiteElo "2413"]
[BlackElo "2478"]
[PlyCount "36"]
[EventDate "2021.??.??"]
[EventType "rapid"]

1. e4 e5 2. Nf3 d5 3. exd5 e4 4. Qe2 Nf6 5. d3 Qxd5 6. Nc3 Bb4 7. Bd2 Bxc3 8.
Bxc3 O-O 9. dxe4 Nxe4 10. Rd1 Qe6 11. Nd4 Qg6 12. Bd2 Re8 13. Be3 Nc6 14. Nxc6
bxc6 15. h3 Rb8 16. c3 Ng3 17. fxg3 Qxg3+ 18. Kd2 Rxb2+ {Normal} 0-1

[Event "Rated Blitz game"]
[Site "?"]
[Date "2021.10.19"]
[Round "?"]
[White "Ruben_Briceno"]
[Black "khalid_ontawar"]
[Result "0-1"]
[WhiteElo "2486"]
[BlackElo "2475"]
[PlyCount "36"]
[EventDate "2021.??.??"]
[EventType "blitz"]

1. e4 e5 2. Nf3 d5 3. exd5 e4 4. Qe2 Nf6 5. d3 Bf5 6. dxe4 Bxe4 7. Ng5 Qe7 8.
Nxe4 Qxe4 9. Qxe4+ Nxe4 10. Bb5+ c6 11. dxc6 Nxc6 12. Bxc6+ bxc6 13. O-O Bc5
14. Re1 Bxf2+ 15. Kf1 Bxe1 16. Kxe1 O-O-O 17. Na3 Rhe8 18. Be3 Nc3 {Normal} 0-1

[Event "Rated Blitz tournament ky684427"]
[Site "?"]
[Date "2021.10.19"]
[Round "?"]
[White "VENADORECARGADO"]
[Black "CaroyinixDiscomix"]
[Result "0-1"]
[WhiteElo "2261"]
[BlackElo "2426"]
[PlyCount "36"]
[EventDate "2021.??.??"]
[EventType "blitz"]

1. e4 e5 2. Nf3 d5 3. Nc3 dxe4 4. Nxe4 Nf6 5. Nxf6+ Qxf6 6. d3 Nc6 7. c3 h6 8.
Be2 Bg4 9. O-O O-O-O 10. Qa4 Bxf3 11. Bxf3 Rxd3 12. Bxc6 Qxc6 13. Qxa7 Bc5 14.
Qa8+ Kd7 15. Qxh8 Bxf2+ 16. Kh1 Qc4 17. Qxg7 Rg3 18. Qxg3 Qxf1# {Normal} 0-1

[Event "Rated Blitz game"]
[Site "?"]
[Date "2021.10.19"]
[Round "?"]
[White "MagusPowwow"]
[Black "Fantastic_power06"]
[Result "0-1"]
[WhiteElo "2566"]
[BlackElo "2797"]
[PlyCount "50"]
[EventDate "2021.??.??"]
[EventType "blitz"]

1. e4 e5 2. Nf3 d5 3. Nxe5 Bd6 4. d4 dxe4 5. Bc4 Bxe5 6. Qh5 Qe7 7. dxe5 Nc6 8.
Nc3 Be6 9. Bb3 Bxb3 10. axb3 Nxe5 11. Bf4 Ng6 12. Nd5 Nxf4 13. Nxf4 Nf6 14. Qg5
O-O 15. O-O h6 16. Qf5 Rfe8 17. Ne2 e3 18. f3 a6 19. Ra5 Rad8 20. Re1 Rd2 21.
Ng3 Red8 22. Qf4 Rd1 23. Ra1 e2 24. Nf5 Qc5+ 25. Qe3 Qxf5 {Normal} 0-1

[Event "Rated Blitz game"]
[Site "?"]
[Date "2021.10.19"]
[Round "?"]
[White "heydis"]
[Black "Petar_Grdinic"]
[Result "0-1"]
[WhiteElo "2350"]
[BlackElo "2408"]
[PlyCount "98"]
[EventDate "2021.??.??"]
[EventType "blitz"]

1. e4 e5 2. Nf3 d5 3. Nxe5 dxe4 4. Bc4 Nh6 5. O-O Bd6 6. d4 Bxe5 7. Bxh6 Qxd4
8. Bxf7+ Kxf7 9. Qh5+ g6 10. Qh4 Qxb2 11. Nd2 Bf5 12. Nxe4 Bxe4 13. Qxe4 Nc6
14. Rab1 Qxa2 15. Rxb7 Qe6 16. Re1 Rhe8 17. Qf3+ Kg8 18. g3 Nd4 19. Qd3 Qc6 20.
Rb3 Qxc2 21. Rxe5 Qxd3 22. Rxe8+ Rxe8 23. Rxd3 c5 24. Be3 Rd8 25. Kg2 a5 26.
Rc3 Rd5 27. Ra3 c4 28. Bxd4 Rxd4 29. Rxa5 Kf7 30. Rc5 Ke6 31. f4 Kd6 32. Rc8
Re4 33. Kf3 Rd4 34. Ke3 Rd3+ 35. Ke4 Ke6 36. Rxc4 Rd2 37. Rc6+ Kf7 38. Rc7+ Kg8
39. h4 Rg2 40. Kf3 Rd2 41. h5 gxh5 42. Ke4 Rg2 43. Kf5 Rxg3 44. Kf6 Rg6+ 45.
Kf5 h4 46. Rc8+ Kg7 47. Rc7+ Kh6 48. Rc1 Kh5 49. Rc7 h6 {Time forfeit} 0-1

[Event "Rated Blitz game"]
[Site "?"]
[Date "2021.10.19"]
[Round "?"]
[White "Udar59"]
[Black "barry-allen"]
[Result "0-1"]
[WhiteElo "2428"]
[BlackElo "2309"]
[PlyCount "40"]
[EventDate "2021.??.??"]
[EventType "blitz"]

1. e4 e5 2. Nf3 d5 3. Nxe5 Bd6 4. d4 dxe4 5. f4 exf3 6. Nxf3 Nf6 7. Be2 Nc6 8.
O-O Bg4 9. c3 Qd7 10. Bg5 Ne4 11. d5 Bxf3 12. Bxf3 Nxg5 13. dxc6 Nxf3+ 14. Qxf3
bxc6 15. Re1+ Kf8 16. Nd2 Re8 17. Ne4 f6 18. Rad1 Kf7 19. Ng5+ Kg6 20. Ne4 Qf5
{Time forfeit} 0-1

[Event "Rated Blitz game"]
[Site "?"]
[Date "2021.10.19"]
[Round "?"]
[White "LuC_I_FeR"]
[Black "taras05"]
[Result "1-0"]
[WhiteElo "2407"]
[BlackElo "2473"]
[PlyCount "23"]
[EventDate "2021.??.??"]
[EventType "blitz"]

1. e4 e5 2. Nf3 d5 3. Nxe5 Bd6 4. d4 dxe4 5. Bc4 Bxe5 6. Qh5 Qxd4 7. Qxf7+ Kd8
8. Qf8+ Kd7 9. Bxg8 g6 10. Nc3 c6 11. Be3 Qb4 12. Qxb4 {Normal} 1-0

[Event "Rated Blitz game"]
[Site "?"]
[Date "2021.10.18"]
[Round "?"]
[White "Pescaderocalvo"]
[Black "barry-allen"]
[Result "1-0"]
[WhiteElo "2454"]
[BlackElo "2312"]
[PlyCount "33"]
[EventDate "2021.??.??"]
[EventType "blitz"]

1. e4 e5 2. Nf3 d5 3. exd5 e4 4. Qe2 Nf6 5. Nc3 Be7 6. Nxe4 O-O 7. Nxf6+ Bxf6
8. d4 Qxd5 9. Be3 Re8 10. Rd1 Qxa2 11. Qc4 Qxb2 12. Bd3 Na6 13. O-O Be6 14. d5
Bg4 15. Qxg4 Nb4 16. Rb1 Qc3 17. Qxb4 {Normal} 1-0

[Event "Rated Blitz game"]
[Site "?"]
[Date "2021.10.18"]
[Round "?"]
[White "Travolta10"]
[Black "artsportscience"]
[Result "1-0"]
[WhiteElo "2413"]
[BlackElo "2360"]
[PlyCount "35"]
[EventDate "2021.??.??"]
[EventType "blitz"]

1. e4 e5 2. Nf3 d5 3. exd5 e4 4. Ne5 Qxd5 5. d4 exd3 6. Nxd3 Nf6 7. Nc3 Qe6+ 8.
Qe2 Bd6 9. Bg5 O-O 10. O-O-O Qxe2 11. Bxe2 Nbd7 12. Nb5 a6 13. Nxd6 cxd6 14.
Nb4 Ne4 15. Bh4 a5 16. Nd5 Ndc5 17. f3 g5 18. Be1 {Normal} 1-0

[Event "Rated Blitz game"]
[Site "?"]
[Date "2021.10.18"]
[Round "?"]
[White "snayperchess"]
[Black "Annali-annaliew1979"]
[Result "0-1"]
[WhiteElo "2650"]
[BlackElo "2488"]
[PlyCount "58"]
[EventDate "2021.??.??"]
[EventType "blitz"]

1. e4 e5 2. Nf3 d5 3. exd5 e4 4. Qe2 f5 5. d3 Nf6 6. Nc3 Bb4 7. Bg5 Bxc3+ 8.
bxc3 O-O 9. dxe4 fxe4 10. Nd4 c5 11. dxc6 Nxc6 12. Qc4+ Kh8 13. Be2 Ne5 14. Qb3
h6 15. Bh4 Ng6 16. Bg3 Bg4 17. O-O-O Qe8 18. Rhe1 Bxe2 19. Rxe2 Rc8 20. Nf5 Rd8
21. Nd6 Qd7 22. Qxb7 Qg4 23. Nf7+ Kh7 24. Nxd8 Qxe2 25. Ne6 Rg8 26. Rd6 e3 27.
Rd8 exf2 28. Rxg8 f1=Q+ 29. Kb2 Qb5+ {Normal} 0-1

[Event "Rated Blitz game"]
[Site "?"]
[Date "2021.10.18"]
[Round "?"]
[White "Davigator"]
[Black "tactinhos2900"]
[Result "0-1"]
[WhiteElo "2496"]
[BlackElo "2559"]
[PlyCount "59"]
[EventDate "2021.??.??"]
[EventType "blitz"]

1. e4 e5 2. Nf3 d5 3. Nxe5 Bd6 4. d4 dxe4 5. Nc4 Nc6 6. Be3 Nf6 7. Nxd6+ cxd6
8. h3 O-O 9. c4 d5 10. Nc3 dxc4 11. Bxc4 Na5 12. Be2 Be6 13. O-O Nc4 14. Bc1
Nd6 15. b3 Rc8 16. Bb2 Nd5 17. Rc1 Qg5 18. Nxd5 Bxd5 19. f4 Qg3 20. Qe1 Qe3+
21. Qf2 Qd2 22. Bb5 Qxf2+ 23. Rxf2 Nxb5 24. Rc5 Rxc5 25. dxc5 Bc6 26. Rd2 Nc7
27. Kf2 Nd5 28. Rd4 Nxf4 29. Ba3 Re8 30. Kg3 {Normal} 0-1

[Event "Rated Blitz game"]
[Site "?"]
[Date "2021.10.18"]
[Round "?"]
[White "TacoNaFide"]
[Black "Annali-annaliew1979"]
[Result "0-1"]
[WhiteElo "2324"]
[BlackElo "2459"]
[PlyCount "62"]
[EventDate "2021.??.??"]
[EventType "blitz"]

1. e4 e5 2. Nf3 d5 3. Nxe5 Qe7 4. d4 f6 5. Ng4 Nc6 6. Be2 f5 7. exd5 fxg4 8.
dxc6 Nf6 9. O-O h5 10. d5 bxc6 11. dxc6 Kf7 12. Bc4+ Kg6 13. Re1 Qc5 14. Qd3+
Bf5 15. Qxf5+ Kxf5 16. Bd3+ Ne4 17. Rxe4 Kf6 18. b3 Bd6 19. Bb2+ Kf7 20. Bc4+
Kf8 21. Nc3 Re8 22. Rxe8+ Kxe8 23. Re1+ Kd8 24. Nb5 Re8 25. Rd1 a6 26. Nxd6
cxd6 27. Bxa6 Kc7 28. Bb7 Qxc2 29. Rf1 Qxb2 30. b4 Qxb4 31. Ba6 Re1 {Normal}
0-1

[Event "Rated Blitz game"]
[Site "?"]
[Date "2021.10.18"]
[Round "?"]
[White "Dosik78"]
[Black "Annali-annaliew1979"]
[Result "0-1"]
[WhiteElo "2452"]
[BlackElo "2444"]
[PlyCount "104"]
[EventDate "2021.??.??"]
[EventType "blitz"]

1. e4 e5 2. Nf3 d5 3. Nc3 dxe4 4. Nxe4 f5 5. Ng3 e4 6. Ng1 Bc5 7. d4 Qxd4 8.
Qxd4 Bxd4 9. c3 Be5 10. f4 Bf6 11. Be3 Nc6 12. O-O-O Be6 13. Bb5 Nge7 14. N1e2
g6 15. h4 Kf7 16. Nd4 Nxd4 17. cxd4 c6 18. Ba4 Bxa2 19. Nf1 Be6 20. Bf2 b5 21.
Bc2 Nd5 22. g3 a5 23. Ne3 a4 24. Nxd5 Bxd5 25. Be3 b4 26. Kd2 a3 27. bxa3 Rxa3
28. Ra1 Rha8 29. Rxa3 Rxa3 30. Rb1 b3 31. Bd1 Ra2+ 32. Kc3 Rg2 33. Bxb3 Rxg3
34. Bxd5+ cxd5 35. Rb7+ Ke8 36. Kd2 h6 37. Rb6 Kf7 38. Rb7+ Be7 39. h5 gxh5 40.
Bf2 Rh3 41. Rb6 Bf8 42. Rb7+ Ke6 43. Rb8 Bd6 44. Rh8 Bxf4+ 45. Ke2 Rb3 46. Bh4
Rb2+ 47. Ke1 Be3 48. Re8+ Kf7 49. Re5 f4 50. Rxd5 f3 51. Rf5+ Ke8 52. d5 Rb1# {
Normal} 0-1

[Event "Rated Blitz game"]
[Site "?"]
[Date "2021.10.18"]
[Round "?"]
[White "talayedar"]
[Black "Annali-annaliew1979"]
[Result "0-1"]
[WhiteElo "2438"]
[BlackElo "2462"]
[PlyCount "46"]
[EventDate "2021.??.??"]
[EventType "blitz"]

1. e4 e5 2. Nf3 d5 3. d4 dxe4 4. Nxe5 Bd6 5. Bf4 Nf6 6. Be2 O-O 7. O-O Nc6 8.
Nxc6 bxc6 9. Bg3 a5 10. c4 Rb8 11. c5 Bxg3 12. hxg3 Rxb2 13. Nd2 Be6 14. Nc4
Bxc4 15. Bxc4 Nd5 16. Bb3 e3 17. Qc1 Rxf2 18. Rxf2 exf2+ 19. Kxf2 Qf6+ 20. Kg1
Qxd4+ 21. Kh1 Re8 22. Qf1 Re6 23. Bxd5 Rh6# {Normal} 0-1

[Event "Rated Blitz game"]
[Site "?"]
[Date "2021.10.18"]
[Round "?"]
[White "chefu-3000"]
[Black "tactinhos2900"]
[Result "0-1"]
[WhiteElo "2269"]
[BlackElo "2615"]
[PlyCount "116"]
[EventDate "2021.??.??"]
[EventType "blitz"]

1. e4 e5 2. Nf3 d5 3. Nxe5 Bd6 4. d4 dxe4 5. Bc4 Bxe5 6. dxe5 Qxd1+ 7. Kxd1 Nc6
8. Bf4 Nge7 9. Bb5 Bd7 10. Nc3 O-O-O 11. Bxc6 Bxc6+ 12. Ke2 Ng6 13. Bg3 Rhe8
14. Rad1 Rxd1 15. Rxd1 Nxe5 16. Bxe5 Rxe5 17. Ke3 g5 18. Rd4 f5 19. g3 Re8 20.
Nd5 Re6 21. h4 h6 22. hxg5 hxg5 23. c4 b6 24. b4 Kb7 25. b5 Be8 26. a4 c6 27.
Nc3 cxb5 28. cxb5 Re5 29. Rd5 Rxd5 30. Nxd5 Bf7 31. Ne7 Be6 32. g4 fxg4 33.
Kxe4 Bb3 34. Nf5 Bxa4 35. Ke5 Kc7 36. Nd4 Bd1 37. Kf5 Kd6 38. Ke4 Kc5 39. Kd3
Ba4 40. Kc3 Bxb5 41. Ne6+ Kd6 42. Nxg5 Bc6 43. Nf7+ Kc5 44. Ne5 Bf3 45. Nd3+
Kc6 46. Nb4+ Kb5 47. Nc2 a5 48. Nd4+ Kc5 49. Nb3+ Kd5 50. Nd2 Bd1 51. Nf1 Kc5
52. Ne3 Bf3 53. Nc2 b5 54. Kb3 Bd5+ 55. Ka3 b4+ 56. Ka4 Bc6+ 57. Kxa5 b3 58.
Na3 b2 {Time forfeit} 0-1

[Event "Rated Blitz game"]
[Site "?"]
[Date "2021.10.18"]
[Round "?"]
[White "Anwgeianos"]
[Black "RCompany_1"]
[Result "0-1"]
[WhiteElo "2485"]
[BlackElo "2426"]
[PlyCount "88"]
[EventDate "2021.??.??"]
[EventType "blitz"]

1. e4 e5 2. Nf3 d5 3. Nc3 d4 4. Ne2 f6 5. d3 c5 6. g3 Nc6 7. Bg2 Be6 8. O-O Qd7
9. c3 g5 10. cxd4 cxd4 11. Qa4 h5 12. Nd2 h4 13. Nc4 O-O-O 14. Na5 Nxa5 15.
Qxa5 Kb8 16. Bxg5 b6 17. Bxf6 bxa5 18. Bxe5+ Bd6 19. Bxh8 Bh3 20. Bxd4 Bxg2 21.
Kxg2 h3+ 22. Kg1 Qf7 23. f4 Qh5 24. Rf2 Bc7 25. Rc1 Bb6 26. Bxb6 axb6 27. d4
Nf6 28. Nc3 Rxd4 29. Re1 Ng4 30. Rfe2 Qc5 31. Kh1 Rd3 32. Rf1 Re3 33. Rd2 Qc4
34. Rc1 Rxe4 35. Rcd1 Re8 36. Nd5 Qc6 37. Kg1 b5 38. b4 axb4 39. Nxb4 Qc5+ 40.
Kh1 Qxb4 41. Rd8+ Rxd8 42. Rxd8+ Kc7 43. Rd1 Qb2 44. Rg1 Nf2# {Normal} 0-1

[Event "Rated Blitz game"]
[Site "?"]
[Date "2021.10.18"]
[Round "?"]
[White "Topacchi8la"]
[Black "Annali-annaliew1979"]
[Result "0-1"]
[WhiteElo "2447"]
[BlackElo "2501"]
[PlyCount "102"]
[EventDate "2021.??.??"]
[EventType "blitz"]

1. e4 e5 2. Nf3 d5 3. Nxe5 Qe7 4. d4 f6 5. Nf3 dxe4 6. Nfd2 f5 7. Bc4 Nf6 8.
O-O Be6 9. Nc3 Bxc4 10. Nxc4 Nc6 11. Bg5 O-O-O 12. d5 Ne5 13. Nxe5 Qxe5 14. Qe2
Bd6 15. g3 h5 16. h4 a6 17. Bf4 Qe7 18. Bxd6 Qxd6 19. Rad1 Rhe8 20. Qe3 f4 21.
Qxf4 Qxf4 22. gxf4 e3 23. fxe3 Rxe3 24. Rd3 Rde8 25. Rf3 Re1+ 26. Kg2 Ng4 27.
Rd2 Rc1 28. f5 Ne3+ 29. Kg3 Nf1+ 30. Rxf1 Rxf1 31. Kg2 Rxf5 32. Kg3 Re3+ 33.
Kg2 Rf4 34. d6 cxd6 35. Rxd6 Rxh4 36. Rd5 Rg4+ 37. Kf2 Rh3 38. Re5 Rc4 39. Re7
g5 40. Rg7 g4 41. Ke2 Rcxc3 42. bxc3 Rxc3 43. Kd2 Rh3 44. c4 g3 45. Ke3 h4 46.
Kd4 Rh2 47. Kd5 Rxa2 48. Rg4 g2 49. Kd6 Rd2+ 50. Kc5 h3 51. Kb6 h2 {Normal} 0-1